Online
Catalog

Relaciones humanas : (Record no. 22971)

MARC details
000 -CABECERA
campo de control de longitud fija 01230nam a2200325 i 4500
001 - NÚMERO DE CONTROL
campo de control 000023475
003 - IDENTIFICADOR DEL NÚMERO DE CONTROL
campo de control DO-SdBNP
005 - FECHA Y HORA DE LA ÚLTIMA TRANSACCIÓN
campo de control 20260226082808.0
007 - CAMPO FIJO DE DESCRIPCIÓN FÍSICA--INFORMACIÓN GENERAL
campo de control de longitud fija ta
008 - DATOS DE LONGITUD FIJA--INFORMACIÓN GENERAL
campo de control de longitud fija 880701s1965 ag a b 000 1 spa d
040 ## - FUENTE DE LA CATALOGACIÓN
Centro catalogador/agencia de origen DO-SdBNP
Lengua de catalogación spa
Centro/agencia transcriptor BNPHU
Normas de descripción rda
041 17 - CÓDIGO DE LENGUA
Código de lengua del texto/banda sonora o título independiente spa
Código de lengua original por
082 #4 - NÚMERO DE LA CLASIFICACIÓN DECIMAL DEWEY
Número de clasificación 158.2
Número de documento/Ítem W422r
Número de edición 22
100 1# - ENTRADA PRINCIPAL--NOMBRE DE PERSONA
Nombre de persona Weil, Pierre G.,
Término indicativo de función/relación autor
Código de función/relación aut.
9 (RLIN) 48370
240 10 - TÍTULO UNIFORME
Título uniforme Relaçôes humanas na família e no trabalho.
Lenguaje de la obra Español
245 10 - MENCIÓN DE TÍTULO
Título Relaciones humanas :
Resto del título en el trabajo y en la familia /
Mención de responsabilidad, etc. Pierre G. Weil ; ilustración, Ronald ; traducción, Marina E. Arater de Hombría.
264 #1 - PRODUCCIÓN, PUBLICACIÓN, DISTRIBUCIÓN, FABRICACIÓN Y COPYRIGHT
Producción, publicación, distribución, fabricación y copyright Buenos Aires :
Nombre del de productor, editor, distribuidor, fabricante Kapelusz,
Fecha de producción, publicación, distribución, fabricación o copyright 1965.
300 ## - DESCRIPCIÓN FÍSICA
Extensión 223 páginas ;
Dimensiones 21 cm.
336 ## - TIPO DE CONTENIDO
Término de tipo de contenido texto
Código de tipo de contenido txt
Fuente rdacontent
337 ## - TIPO DE MEDIO
Nombre/término del tipo de medio sin mediación
Código del tipo de medio n
Fuente rdamedia
338 ## - TIPO DE SOPORTE
Nombre/término del tipo de soporte volumen
Código del tipo de soporte nc
Fuente rdacarrier
504 ## - NOTA DE BIBLIOGRAFÍA, ETC.
Nota de bibliografía, etc. Bibliografía : páginas 219-223
534 ## - NOTA SOBRE LA VERSIÓN ORIGINAL
Encabezamiento principal del original Títulos de las ediciones originales :
Mención de título del original Relaçôes humanas na família e no trabalho
650 #4 - PUNTO DE ACCESO ADICIONAL DE MATERIA--TÉRMINO DE MATERIA
Término de materia o nombre geográfico como elemento de entrada Relaciones humanas
9 (RLIN) 606
650 #7 - PUNTO DE ACCESO ADICIONAL DE MATERIA--TÉRMINO DE MATERIA
Término de materia o nombre geográfico como elemento de entrada Conducta de vida
Fuente del encabezamiento o término LIBRUNAM
9 (RLIN) 11947
650 #7 - PUNTO DE ACCESO ADICIONAL DE MATERIA--TÉRMINO DE MATERIA
Término de materia o nombre geográfico como elemento de entrada Relaciones industriales
Fuente del encabezamiento o término LIBRANUM
9 (RLIN) 27578
700 1# - PUNTO DE ACCESO ADICIONAL--NOMBRE DE PERSONA
Nombre de persona Ronald,
Término indicativo de función/relación ilustrador
Código de función/relación il.
9 (RLIN) 48371
700 1# - PUNTO DE ACCESO ADICIONAL--NOMBRE DE PERSONA
Nombre de persona Arater de Hombría, Marina E.,
Término indicativo de función/relación traductor
Código de función/relación tr.
9 (RLIN) 48372
942 ## - ELEMENTOS DE PUNTO DE ACCESO ADICIONAL (KOHA)
Fuente del sistema de clasificación o colocación Dewey Decimal Classification
Tipo de ítem Koha Libro
Holdings
Estado de retiro Estado de pérdida Fuente del sistema de clasificación o colocación Restricciones de uso No para préstamo Código de colección Localización permanente Ubicación/localización actual Ubicación en estantería Fecha de adquisición Total de préstamos Signatura topográfica completa Código de barras Fecha visto por última vez Precio válido a partir de Tipo de ítem Koha
    Dewey Decimal Classification Excluido de préstamo   Patrimonio Dominicano Biblioteca Nacional Pedro Henríquez Ureña Biblioteca Nacional Pedro Henríquez Ureña En catalogación 09.12.2010   BNPHU PD 158.2 W422r 23475-10 25.06.2020 25.06.2020 Libro

Powered by Koha